The Polycentric Republic : (Record no. 1672512)

MARC details
000 -LEADER
fixed length control field 00479 a2200169 4500
005 - DATE AND TIME OF LATEST TRANSACTION
control field 20260311121308.0
008 - FIXED-LENGTH DATA ELEMENTS--GENERAL INFORMATION
fixed length control field 260311b |||||||| |||| 00| 0 eng d
020 ## - INTERNATIONAL STANDARD BOOK NUMBER
International Standard Book Number 9781041086383
040 ## - CATALOGING SOURCE
Transcribing agency SDCL
041 ## - LANGUAGE CODE
Source of code eng
Language code of text/sound track or separate title eng
084 ## - COLON CLASSIFICATION NUMBER
Classification number V1:24'P R5
100 ## - MAIN ENTRY--PERSONAL NAME
Personal name Thunder, David
245 ## - TITLE STATEMENT
Title The Polycentric Republic :
Remainder of title A Theory of Civil Order for Free and Diverse Societies
260 ## - PUBLICATION, DISTRIBUTION, ETC.
Place of publication, distribution, etc. London :
Name of publisher, distributor, etc. Routledge,
Date of publication, distribution, etc. 2025.
300 ## - PHYSICAL DESCRIPTION
Extent xix, 199p.
942 ## - ADDED ENTRY ELEMENTS (KOHA)
Koha item type Textual
Source of classification or shelving scheme Colon Classification (CC)
100 ## - MAIN ENTRY--PERSONAL NAME
-- 858802
999 ## -
-- 1672512
-- 1672512
Holdings
Withdrawn status Lost status Source of classification or shelving scheme Damaged status Not for loan Home library Current library Date acquired Source of acquisition Cost, normal purchase price Inventory number Total checkouts Full call number Barcode Date last seen Cost, replacement price Price effective from Koha item type
    Colon Classification (CC)     South Campus Library South Campus Library 2025-12-22 84 1036.00 4409 & 22/12/2025   V1:24'P R5 SC1691803 2025-12-22 1295.00 2025-12-22 Textual
Copyright @ Delhi University Library System